[Event "Hessenliga9798"]
[Site "Hessen"]
[Date "1997.??.??"]
[Round "?"]
[White "Treffert, Peter"]
[Black "Wornath, Kai Rudolf"]
[Result "0-1"]
[WhiteElo "2335"]
[BlackElo "2230"]
[PlyCount "80"]
[EventDate "1997.10.??"]
[Source "www.chesslib.no"]
[SourceDate "2004.05.04"]

1. e4 e6 2. d4 d5 3. Nc3 Nf6 4. Bg5 Be7 5. Bxf6 Bxf6 6. Nf3 O-O 7. Qd2 b6 8. O-O-O Bb7 9. exd5 Bxd5 10. Nxd5 exd5 11. Ne5 c5 12. f4 Re8 13. g4 cxd4 14. Nf3 g6 15. g5 Bg7 16. Nxd4 Nd7 17. Bg2 Nc5 18. Nc6 Qc7 19. Bxd5 Ne4 20. Bxe4 Rxe4 21. Qd6 Qxd6 22. Rxd6 Rxf4 23. Rhd1 h6 24. gxh6 Bxh6 25. Kb1 Rh4 26. Rd7 Rxh2 27. Rf1 Bf4 28. Nxa7 Re8 29. a4 g5 30. Nb5 Rhe2 31. b4 f5 32. Rd5 R2e5 33. Rxe5 Rxe5 34. Nd4 Kg7 35. a5 bxa5 36. b5 Kg6 37. c4 Rc5 38. Kc2 Rxc4+ 39. Kd3 Rb4 40. Ra1 Be5 0-1

[Event "NRW-Liga I 9192"]
[Site "GER"]
[Date "1991.??.??"]
[Round "?"]
[White "Gallinnis, Norbert"]
[Black "Odendahl, Reiner"]
[Result "1/2-1/2"]
[WhiteElo "2265"]
[BlackElo "2295"]
[PlyCount "96"]
[EventDate "1992.10.??"]
[Source "www.chesslib.no"]
[SourceDate "2004.05.04"]

1. e4 e6 2. d4 d5 3. Nc3 Nf6 4. Bg5 Be7 5. Bxf6 Bxf6 6. Nf3 O-O 7. Bd3 dxe4 8. Bxe4 c5 9. dxc5 Qa5 10. O-O Qxc5 11. Qd3 g6 12. Ne2 Bg7 13. Qb3 Nd7 14. c3 Nf6 15. Bc2 Bd7 16. Rad1 Rfd8 17. h3 Qa5 18. Ng3 Qc7 19. Rfe1 Rab8 20. Ne5 Be8 21. Ng4 Nxg4 22. hxg4 Rxd1 23. Bxd1 Be5 24. Nf1 Bc6 25. Qc4 Qd6 26. Bf3 Bxf3 27. gxf3 Bf4 28. Qa4 a6 29. Rd1 Qe5 30. Rd4 g5 31. Kg2 Qc7 32. Qd1 Qb6 33. Nd2 Rd8 34. Nb3 Rxd4 35. Qxd4 Qxd4 36. Nxd4 Kf8 37. Nb3 b6 38. a4 Ke8 39. a5 bxa5 40. Nxa5 Kd7 41. Kf1 Bc1 42. Nc4 Kc6 43. Ne5+ Kd5 44. Nd3 Bf4 45. Nxf4+ gxf4 46. b3 h6 47. Kg2 e5 48. Kh3 a5 1/2-1/2

[Event "La Lira Open"]
[Site "Barcelona ESP"]
[Date "1995.??.??"]
[Round "2"]
[White "Gomez Jurado, Luis A"]
[Black "Ferran Biosca, Robert"]
[Result "1/2-1/2"]
[WhiteElo "2280"]
[BlackElo "2275"]
[PlyCount "103"]
[EventDate "1995.04.??"]
[Source "www.chesslib.no"]
[SourceDate "2004.05.04"]

1. e4 e6 2. d4 d5 3. Nc3 Nf6 4. Bg5 Be7 5. Bxf6 Bxf6 6. e5 Be7 7. Qg4 O-O 8. Bd3 c5 9. Nf3 cxd4 10. Nxd4 Nc6 11. Nxc6 bxc6 12. Qh3 g6 13. O-O Qb6 14. Rab1 f5 15. Kh1 Ba6 16. Bxa6 Qxa6 17. Rfd1 Rab8 18. Rd3 Rb4 19. Qh6 Rh4 20. Qd2 Qc4 21. g3 Rh5 22. Rd4 Qa6 23. Ra4 Qb7 24. Ne2 c5 25. Kg1 g5 26. Qa5 Ra8 27. Qa6 Qxa6 28. Rxa6 Kf7 29. f4 g4 30. a3 Rh6 31. c3 Rg6 32. b4 Rgg8 33. b5 Rgb8 34. a4 Rb7 35. Kf2 Rab8 36. Rc6 Rb6 37. Kg2 Ke8 38. Rxb6 axb6 39. h3 h5 40. hxg4 hxg4 41. Nc1 Ra8 42. Ra1 c4 43. Ne2 Bc5 44. Ra2 Kd7 45. Ra1 Kc7 46. Ra2 Kb7 47. Ra1 Be3 48. Ra2 Rd8 49. Rc2 Rd7 50. Kf1 Rh7 51. Kg2 Rh8 52. Ra2 1/2-1/2

[Event "Giessen Open"]
[Site "Giessen"]
[Date "1994.??.??"]
[Round "6"]
[White "Gmeiner, Peter"]
[Black "Klingelhoefer, Stefan"]
[Result "0-1"]
[WhiteElo "2280"]
[BlackElo "2275"]
[PlyCount "28"]
[EventDate "1994.??.??"]
[Source "www.chesslib.no"]
[SourceDate "2004.05.04"]

1. e4 e6 2. d4 d5 3. Nc3 Nf6 4. Bg5 Be7 5. Bxf6 Bxf6 6. e5 Be7 7. Qg4 O-O 8. Nf3 f5 9. exf6 Bxf6 10. Qg3 c5 11. Nb5 Nc6 12. c3 cxd4 13. Nbxd4 e5 14. Nb3 e4 0-1

[Event "Budapest FS05 IM"]
[Site "Budapest HUN"]
[Date "1995.??.??"]
[Round "10"]
[White "Jamrich, Gyorgy"]
[Black "Hoang Thang Trang"]
[Result "0-1"]
[WhiteElo "2195"]
[BlackElo "2325"]
[PlyCount "32"]
[EventDate "1995.05.??"]
[Source "www.chesslib.no"]
[SourceDate "2004.05.04"]

1. e4 e6 2. d4 d5 3. Nc3 Nf6 4. Bg5 Be7 5. Bxf6 Bxf6 6. Nf3 O-O 7. Bd3 dxe4 8. Bxe4 Nd7 9. O-O c5 10. Ne2 cxd4 11. Nfxd4 Nc5 12. Bf3 Qb6 13. Qc1 e5 14. Nb3 e4 15. Nxc5 exf3 16. Na4 Qc6 0-1

[Event "World Open"]
[Site "Philadelphia, PA USA"]
[Date "1995.??.??"]
[Round "6"]
[White "Markzon, Gregory"]
[Black "Metello, Marcello Gomes"]
[Result "1-0"]
[WhiteElo "2280"]
[BlackElo "2230"]
[PlyCount "61"]
[EventDate "1995.06.??"]
[Source "www.chesslib.no"]
[SourceDate "2004.05.04"]

1. e4 e6 2. d4 d5 3. Nc3 Nf6 4. Bg5 Be7 5. Bxf6 Bxf6 6. e5 Be7 7. Qg4 O-O 8. Nf3 Nd7 9. Bd3 c5 10. dxc5 Qc7 11. O-O-O Nxc5 12. Rhe1 f6 13. Qg3 Qd8 14. Kb1 fxe5 15. Qxe5 Bd6 16. Bxh7+ Kxh7 17. Qh5+ Kg8 18. Ng5 Rf5 19. Qh7+ Kf8 20. Qh8+ Ke7 21. Qxg7+ Ke8 22. Qg6+ Kd7 23. Nxe6 Qf6 24. Nxc5+ Kc6 25. Qe8+ Kb6 26. Qb5+ Kc7 27. Nxd5+ Rxd5 28. Rxd5 a6 29. Qc4 b5 30. Ne6+ Kb7 31. Rxd6 1-0

[Event "Hemus (9eme open)"]
[Site "?"]
[Date "2004.07.31"]
[Round "2.1"]
[White "Arnaudov Petar G"]
[Black "Zahariev Zahari"]
[Result "1/2-1/2"]
[WhiteElo "2125"]
[BlackElo "2380"]
[PlyCount "64"]
[EventDate "2004.??.??"]
[Source "www.chesslib.no"]
[SourceDate "2004.05.04"]

1. e4 e6 2. d4 d5 3. Nc3 Nf6 4. Bg5 Be7 5. Bxf6 Bxf6 6. Nf3 Be7 7. Bd3 c6 8. O-O Nd7 9. Qe2 Nf6 10. Rad1 Qb6 11. Rb1 Bd7 12. exd5 cxd5 13. Qe3 O-O 14. Ne5 Bc6 15. b3 Rad8 16. f4 Ne4 17. Nxc6 bxc6 18. Nxe4 dxe4 19. Qxe4 Qxd4+ 20. Qxd4 Rxd4 21. g3 g6 22. Rbe1 Bb4 23. Re4 Rfd8 24. Rxd4 Rxd4 25. a4 f5 26. Rd1 Kf7 27. Kf2 Kf6 28. Be2 Rxd1 29. Bxd1 e5 30. fxe5+ Kxe5 31. Bf3 c5 32. Ke3 Be1 1/2-1/2

[Event "27th Open"]
[Site "Munich GER"]
[Date "2007.10.01"]
[Round "3"]
[White "Basener, W."]
[Black "De Francesco, K."]
[Result "1-0"]
[WhiteElo "2210"]
[BlackElo "2277"]
[PlyCount "77"]
[EventDate "2007.09.29"]
[Source "www.chesslib.no"]
[SourceDate "2004.05.04"]

1. e4 e6 2. d4 d5 3. Nc3 Nf6 4. Bg5 Be7 5. Bxf6 Bxf6 6. e5 Be7 7. Qg4 Bf8 8. Bd3 Nc6 9. a3 h5 10. Qf4 g5 11. Qe3 Bh6 12. Nge2 Qe7 13. f3 Bd7 14. Ng3 Bg7 15. Nge2 O-O-O 16. g3 f6 17. f4 gxf4 18. gxf4 fxe5 19. dxe5 d4 20. Nxd4 Nxd4 21. Qxd4 Bc6 22. Qxa7 Rxd3 23. cxd3 Bxh1 24. O-O-O Bc6 25. Kb1 Rd8 26. d4 b6 27. f5 exf5 28. d5 Bb7 29. d6 cxd6 30. Nd5 Qg5 31. Nxb6+ Kc7 32. Rc1+ Qxc1+ 33. Kxc1 dxe5 34. Nc4 Kc8 35. Nb6+ Kc7 36. Nc4 Kc8 37. Qb6 Bf8 38. Qe6+ Kb8 39. Qxe5+ 1-0

[Event "JUG Ch women"]
[Site "Split CRO"]
[Date "1989.??.??"]
[Round "4"]
[White "Nikolin, Zorica"]
[Black "Medic, Mirjana"]
[Result "1/2-1/2"]
[WhiteElo "2240"]
[BlackElo "2230"]
[PlyCount "33"]
[EventDate "1989.??.??"]
[Source "www.chesslib.no"]
[SourceDate "2004.05.04"]

1. e4 e6 2. d4 d5 3. Nc3 Nf6 4. Bg5 Be7 5. Bxf6 Bxf6 6. Nf3 c5 7. exd5 exd5 8. Bb5+ Nc6 9. dxc5 Bxc3+ 10. bxc3 O-O 11. O-O Bg4 12. Qd3 Rc8 13. Bxc6 bxc6 14. Nd4 Qe7 15. Rfe1 Qxc5 16. h3 Bd7 17. Rab1 1/2-1/2

[Event "AUT-chT2W 0102"]
[Site "?"]
[Date "2001.10.12"]
[Round "1.4"]
[White "Gavor Franz"]
[Black "Lawitsch Guenther"]
[Result "0-1"]
[WhiteElo "2201"]
[BlackElo "2269"]
[PlyCount "108"]
[EventDate "2001.??.??"]
[Source "www.chesslib.no"]
[SourceDate "2004.05.04"]

1. e4 e6 2. d4 d5 3. Nc3 Nf6 4. Bg5 Be7 5. Bxf6 Bxf6 6. e5 Be7 7. Qg4 O-O 8. O-O-O c5 9. f4 cxd4 10. Nce2 f5 11. Qh3 Qa5 12. a3 Nc6 13. Nf3 b5 14. Nexd4 Nxd4 15. Nxd4 Bd7 16. g4 b4 17. Nb3 Qb6 18. axb4 fxg4 19. Qxg4 Qe3+ 20. Kb1 Qxf4 21. Qxf4 Rxf4 22. Rd4 Rxd4 23. Nxd4 Bxb4 24. Bh3 Kf7 25. Rf1+ Ke7 26. Bxe6 Bxe6 27. Nc6+ Ke8 28. Nxb4 Rc8 29. Rf4 g6 30. Rd4 Rc5 31. b3 g5 32. Kb2 a5 33. Nd3 Rb5 34. b4 Bf5 35. Nc5 Rxb4+ 36. Rxb4 axb4 37. Kb3 h5 38. Kxb4 Bxc2 39. Nb3 h4 40. Nd4 Bd1 41. Kc5 g4 42. Nf5 g3 43. hxg3 h3 44. g4 Bxg4 45. Ng3 Bf3 46. Nf1 Kd7 47. Nh2 Be4 48. Kd4 Ke6 49. Ng4 Bf3 50. Nh2 Bh5 51. Nf1 Bf7 52. Nh2 Kf5 53. Ke3 Kxe5 54. Ng4+ Kd6 0-1

[Event "Baden-Niedersachsen"]
[Site "Niedersachsen"]
[Date "1993.??.??"]
[Round "?"]
[White "Stromer, Alexander"]
[Black "Buchenau, Frank"]
[Result "1-0"]
[WhiteElo "2220"]
[BlackElo "2240"]
[PlyCount "51"]
[EventDate "1993.??.??"]
[Source "www.chesslib.no"]
[SourceDate "2004.05.04"]

1. e4 e6 2. d4 d5 3. Nc3 Nf6 4. Bg5 Be7 5. Bxf6 Bxf6 6. Nf3 c5 7. exd5 exd5 8. dxc5 Qa5 9. Qd2 Be6 10. Bb5+ Nc6 11. O-O O-O 12. Bxc6 bxc6 13. Nxd5 Qxc5 14. Nxf6+ gxf6 15. Qf4 Rab8 16. Qxf6 Qxc2 17. Rac1 Qxb2 18. Rc3 Bf5 19. h4 Bg6 20. Rfc1 Rfe8 21. Ng5 Re2 22. Qf3 Rb5 23. g4 Qd2 24. Rxc6 Re1+ 25. Kh2 Rxc1 26. Rxg6+ 1-0

[Event "LTU-ch"]
[Site "Vilnius"]
[Date "1995.??.??"]
[Round "9"]
[White "Sarakauskas, Gediminas"]
[Black "Rumiancev, Boris"]
[Result "0-1"]
[WhiteElo "2160"]
[BlackElo "2285"]
[PlyCount "110"]
[EventDate "1995.??.??"]
[Source "ChessBase"]

1. e4 e6 2. d4 d5 3. Nc3 Nf6 4. Bg5 Be7 5. Bxf6 Bxf6 6. e5 Be7 7. Qg4 O-O 8. O-O-O f5 9. exf6 Bxf6 10. Bd3 Nc6 11. Nf3 Nb4 12. Ne5 Bxe5 13. dxe5 Qe7 14. f4 Bd7 15. a3 Nxd3+ 16. Rxd3 c5 17. Rhd1 Bc6 18. Ne2 Bb5 19. R3d2 Bxe2 20. Rxe2 Rad8 21. Red2 b5 22. g3 a5 23. Qe2 c4 24. Qe3 Rc8 25. Qb6 b4 26. a4 c3 27. Rf2 cxb2+ 28. Kxb2 Rc5 29. g4 Rfc8 30. Rd3 Qe8 31. Rb3 R8c6 32. Qa7 Qc8 33. c3 Ra6 34. Qe7 Rc7 35. Qg5 Rxc3 36. f5 exf5 37. gxf5 Rxb3+ 38. Kxb3 h6 39. Qd2 Qc4+ 40. Kb2 d4 41. Rf3 Rc6 42. Kb1 Qd5 43. Qe2 Rc3 44. Rxc3 bxc3 45. Qb5 Qe4+ 46. Ka1 Qh1+ 47. Qb1 Qxb1+ 48. Kxb1 d3 49. h4 h5 50. Kc1 Kf8 51. Kd1 Ke7 52. Ke1 Kd7 53. Kd1 Kc6 54. Ke1 Kd5 55. e6 Kd6 0-1

[Event "HUN-chT1"]
[Site "HUN"]
[Date "1995.??.??"]
[Round "?"]
[White "Zila, Laszlo"]
[Black "Meszaros, Gyula"]
[Result "0-1"]
[WhiteElo "2195"]
[BlackElo "2220"]
[PlyCount "116"]
[EventDate "1995.??.??"]
[Source "www.chesslib.no"]
[SourceDate "2004.05.04"]

1. e4 e6 2. d4 d5 3. Nc3 Nf6 4. Bg5 Be7 5. Bxf6 Bxf6 6. Nf3 c5 7. Bb5+ Nc6 8. O-O O-O 9. dxc5 Bxc3 10. bxc3 Qa5 11. exd5 Qxb5 12. dxc6 Qxc5 13. Qd4 Qxc6 14. Ne5 Qc7 15. Rfd1 b6 16. Rd2 f6 17. Ng4 Bb7 18. Rad1 Rac8 19. Ne3 Rf7 20. Qd6 Qxd6 21. Rxd6 Re7 22. c4 Kf7 23. R1d3 Ba6 24. Rd7 Rc7 25. Rxc7 Rxc7 26. Ra3 Bc8 27. Kf1 Ke7 28. Ke2 Kd6 29. Rd3+ Kc5 30. Kd2 Rd7 31. Kc3 Rd6 32. Nd1 Bb7 33. f3 e5 34. Nb2 Bc6 35. Re3 Rd4 36. Rd3 Be8 37. Re3 Bf7 38. a3 Bg6 39. Nd3+ Kd6 40. Re1 Bf7 41. Nb2 Kc6 42. Re3 Kc7 43. h3 h5 44. Rd3 Rd6 45. Re3 Rc6 46. Kd3 b5 47. Kc3 Bxc4 48. Nxc4 Rxc4+ 49. Kb3 Rd4 50. g4 Kd6 51. Rc3 h4 52. Kb2 Rd2 53. Rc8 Rh2 54. Ra8 g5 55. Rxa7 Rxh3 56. Ra6+ Ke7 57. Rb6 Rxf3 58. Rxb5 Rf4 0-1

[Event "Zagreb op"]
[Site "Zagreb"]
[Date "1997.??.??"]
[Round "9"]
[White "Devcic, Darko"]
[Black "Josipovic, Perica"]
[Result "1/2-1/2"]
[WhiteElo "2220"]
[BlackElo "2185"]
[PlyCount "37"]
[EventDate "1997.??.??"]
[Source "www.chesslib.no"]
[SourceDate "2004.05.04"]

1. e4 e6 2. d4 d5 3. Nc3 Nf6 4. Bg5 Be7 5. Bxf6 Bxf6 6. e5 Be7 7. Qg4 g6 8. h4 h5 9. Qf4 b6 10. Nf3 Ba6 11. Bxa6 Nxa6 12. O-O-O c6 13. Ng5 Bxg5 14. hxg5 Rg8 15. g4 hxg4 16. Rh7 Qe7 17. Rdh1 Nc7 18. Rg7 O-O-O 19. Nd1 1/2-1/2

[Event "St. Ingbert (Germany)"]
[Site "?"]
[Date "1999.08.02"]
[Round "4"]
[White "Forthofer Robert"]
[Black "Leuranguer Yannick"]
[Result "0-1"]
[WhiteElo "2152"]
[BlackElo "2248"]
[PlyCount "50"]
[EventDate "1999.??.??"]
[Source "www.chesslib.no"]
[SourceDate "2004.05.04"]

1. e4 e6 2. d4 d5 3. Nc3 Nf6 4. Bg5 Be7 5. Bxf6 Bxf6 6. e5 Be7 7. Qg4 O-O 8. f4 c5 9. Nf3 f5 10. Qh3 cxd4 11. Nxd4 Nc6 12. O-O-O Qb6 13. Nb3 Bd7 14. Bd3 a5 15. a4 Nb4 16. Rhf1 Rac8 17. Rd2 Rxc3 18. bxc3 Na2+ 19. Kb2 Nxc3 20. Ra1 Nxa4+ 21. Kc1 Bb4 22. Rd1 Nc3 23. Rf1 a4 24. Nd2 Qd4 25. Qf3 Ne4 0-1

[Event "Oberliga Ost A9899"]
[Site "GER"]
[Date "1998.??.??"]
[Round "?"]
[White "Eichner, Sebastian"]
[Black "Liedtke, Matthias"]
[Result "1/2-1/2"]
[WhiteElo "2140"]
[BlackElo "2250"]
[PlyCount "37"]
[EventDate "1998.??.??"]
[Source "www.chesslib.no"]
[SourceDate "2004.05.04"]

1. e4 e6 2. d4 d5 3. Nc3 Nf6 4. Bg5 Be7 5. Bxf6 Bxf6 6. Nf3 c5 7. Bb5+ Bd7 8. Bxd7+ Qxd7 9. exd5 cxd4 10. Nxd4 O-O 11. Nde2 Rd8 12. Qd3 Na6 13. O-O-O Nb4 14. Qf3 Nxd5 15. Nxd5 exd5 16. Nc3 Bxc3 17. Qxc3 Rac8 18. Qd4 b5 19. Rhe1 1/2-1/2

[Event "Wiesbaden Open"]
[Site "Wiesbaden GER"]
[Date "1994.??.??"]
[Round "9"]
[White "Rechel, Ralf"]
[Black "Tyrtania, Maximilian"]
[Result "0-1"]
[WhiteElo "2135"]
[BlackElo "2235"]
[PlyCount "88"]
[EventDate "1994.??.??"]
[Source "www.chesslib.no"]
[SourceDate "2004.05.04"]

1. e4 e6 2. d4 d5 3. Nc3 Nf6 4. Bg5 Be7 5. Bxf6 Bxf6 6. e5 Be7 7. Qg4 O-O 8. O-O-O f5 9. Qh3 b6 10. Bd3 Ba6 11. g4 Bxd3 12. Rxd3 f4 13. Nf3 c5 14. g5 Qc8 15. Rg1 Nc6 16. dxc5 Bxc5 17. g6 h6 18. Rd2 Rf5 19. Rg5 Rxg5 20. Nxg5 Nd4 21. Nf7 Nf5 22. Kb1 Bb4 23. Rd3 Qd7 24. Ne2 Rc8 25. Nxf4 Be1 26. Qf1 Qa4 27. b3 Qxf4 28. Qxe1 Qxh2 29. Rc3 Rf8 30. Rc7 a5 31. Qc3 Qg1+ 32. Kb2 Qxg6 33. Nd6 Nh4 34. Qc6 Qg5 35. Qc3 Nf3 36. Nf7 Rxf7 37. Rxf7 Kxf7 38. Qxf3+ Kg8 39. Qe2 h5 40. Ka3 h4 41. Qb5 Qe7+ 42. Kb2 h3 43. Qd3 Qh4 44. Qg6 Qh6 0-1

[Event "St. Veit op 17th"]
[Site "St. Veit"]
[Date "1998.05.22"]
[Round "2"]
[White "Barraclough, Stephanie"]
[Black "Corbet, Laurent"]
[Result "1-0"]
[WhiteElo "2330"]
[BlackElo "2040"]
[PlyCount "81"]
[EventDate "1998.07.11"]
[Source "www.chesslib.no"]
[SourceDate "2004.05.04"]

1. e4 e6 2. d4 d5 3. Nc3 Nf6 4. Bg5 Be7 5. Bxf6 Bxf6 6. Nf3 Nc6 7. Bb5 a6 8. Bxc6+ bxc6 9. O-O O-O 10. Re1 Rb8 11. Rb1 Bd7 12. Qd3 Qc8 13. Na4 Be8 14. Nc5 Ra8 15. b4 Be7 16. Qc3 Bd6 17. a3 f5 18. exd5 exd5 19. Ne5 Rf6 20. f4 Rh6 21. Qd2 Qd8 22. Nf3 Bf7 23. Ng5 Rg6 24. g3 h6 25. Nf3 Rf6 26. Rb3 Bh5 27. Ne5 Be8 28. Rbe3 Rf8 29. Ne6 Qf6 30. Nxf8 Bxf8 31. c3 Bd6 32. Qe2 Bf7 33. Nxf7 Qxf7 34. Re8+ Rxe8 35. Qxe8+ Qxe8 36. Rxe8+ Kf7 37. Ra8 g5 38. fxg5 hxg5 39. Rxa6 f4 40. gxf4 Bxf4 41. Rxc6 1-0

[Event "Buenos Aires tt"]
[Site "Buenos Aires"]
[Date "1999.??.??"]
[Round "4"]
[White "Vega, Fabian"]
[Black "Dotti, Horacio"]
[Result "1-0"]
[WhiteElo "2280"]
[BlackElo "2085"]
[PlyCount "53"]
[EventDate "1999.??.??"]
[Source "www.chesslib.no"]
[SourceDate "2004.05.04"]

1. e4 e6 2. d4 d5 3. Nc3 Nf6 4. Bg5 Be7 5. Bxf6 Bxf6 6. Nf3 O-O 7. Bd3 c5 8. e5 Be7 9. h4 h6 10. g4 g6 11. Qd2 Kg7 12. dxc5 Bxc5 13. Ne2 Nc6 14. Ng3 Nb4 15. Bf1 Bd7 16. a3 Qa5 17. Rc1 Nc6 18. Qxa5 Nxa5 19. b4 Be7 20. bxa5 Bxa3 21. Rb1 Bc6 22. Nd4 Rfc8 23. Bd3 Bc5 24. Nge2 b6 25. a6 Bd7 26. f4 Rab8 27. Kd2 1-0

[Event "Mallorca-chT Preferente"]
[Site "Palma de Mallorca"]
[Date "2001.02.10"]
[Round "5.1"]
[White "Serra Olives, Tomas"]
[Black "Castro Valero, Juan"]
[Result "1-0"]
[WhiteElo "2236"]
[BlackElo "2113"]
[PlyCount "47"]
[EventDate "2001.01.13"]
[Source "www.chesslib.no"]
[SourceDate "2004.05.04"]

1. e4 e6 2. d4 d5 3. Nc3 Nf6 4. Bg5 Be7 5. Bxf6 Bxf6 6. Nf3 O-O 7. Bd3 b6 8. e5 Be7 9. h4 h6 10. Ne2 Ba6 11. Bxa6 Nxa6 12. c3 c5 13. Nf4 b5 14. g4 Rc8 15. g5 hxg5 16. hxg5 Bxg5 17. Qd3 Bh6 18. Ke2 cxd4 19. Rxh6 gxh6 20. Rg1+ Kh8 21. Rh1 f5 22. Rxh6+ Kg8 23. Rg6+ Kh8 24. Ng5 1-0

[Event "FRA-chT2 0203"]
[Site "?"]
[Date "2002.12.08"]
[Round "4"]
[White "Georgelin Thierry"]
[Black "David Alexandre"]
[Result "0-1"]
[WhiteElo "2140"]
[BlackElo "2197"]
[PlyCount "79"]
[EventDate "2002.??.??"]
[Source "www.chesslib.no"]
[SourceDate "2004.05.04"]

1. e4 e6 2. d4 d5 3. Nc3 Nf6 4. Bg5 Be7 5. Bxf6 Bxf6 6. e5 Be7 7. Nf3 c5 8. dxc5 Bxc5 9. Bd3 Qb6 10. O-O Bd7 11. Qd2 h6 12. a3 a5 13. Qf4 O-O 14. Ne2 Bb5 15. Qg4 Rc8 16. Nf4 Bxd3 17. cxd3 Bf8 18. Nxd5 Qb3 19. Nf4 Na6 20. d4 Qxb2 21. d5 exd5 22. Nxd5 Rc6 23. Rfb1 Rac8 24. Qf4 Qc2 25. g3 Rc4 26. Qe3 Bc5 27. Qe1 Qd3 28. Ne3 Bxe3 29. fxe3 Qe4 30. Nd2 Qxe5 31. Nxc4 Rxc4 32. Rc1 Re4 33. Qc3 Qe7 34. Qc8+ Kh7 35. Qc2 g6 36. Rf1 Rxe3 37. Qc4 f5 38. Rfd1 Re2 39. Qd3 Nc5 40. Qd4 0-1

[Event "7. White Tower Open"]
[Site "?"]
[Date "2003.12.21"]
[Round "3"]
[White "Auth Robert"]
[Black "Oreopoulos Konstantinos"]
[Result "0-1"]
[WhiteElo "2064"]
[BlackElo "2256"]
[PlyCount "94"]
[EventDate "2003.??.??"]
[Source "www.chesslib.no"]
[SourceDate "2004.05.04"]

1. e4 e6 2. d4 d5 3. Nc3 Nf6 4. Bg5 Be7 5. Bxf6 Bxf6 6. Nf3 O-O 7. e5 Be7 8. Bd3 c5 9. dxc5 Nc6 10. O-O Bxc5 11. Na4 Be7 12. c3 Qc7 13. Re1 a6 14. b3 b5 15. Nb2 f6 16. exf6 Bxf6 17. Qc2 g6 18. a4 Rb8 19. h3 Qg7 20. Rac1 b4 21. Nd1 bxc3 22. Qe2 Nb4 23. Bb1 Bd7 24. Ne3 e5 25. Ng4 Bxg4 26. hxg4 e4 27. Nh2 Bd4 28. Rf1 Rbc8 29. Bc2 Qa7 30. g5 Rf5 31. Ng4 Rxg5 32. Bxe4 dxe4 33. Qxe4 Qd7 34. Nh6+ Kg7 35. Rcd1 Rd8 36. Rfe1 Kxh6 37. Qh4+ Rh5 38. Qf4+ Kg7 39. Rxd4 Qxd4 40. Re7+ Kg8 41. Qf7+ Kh8 42. Re8+ Rxe8 43. Qxe8+ Kg7 44. Qe7+ Kh6 45. Qf8+ Kg5 46. Qe7+ Kf5 47. Qf7+ Ke4 0-1

[Event "HUN-chT29899"]
[Site "HUN"]
[Date "1999.??.??"]
[Round "?"]
[White "Barta, Jozsef"]
[Black "Molnar, Jozsef"]
[Result "1-0"]
[WhiteElo "2150"]
[BlackElo "2165"]
[PlyCount "99"]
[EventDate "1998.??.??"]
[Source "www.chesslib.no"]
[SourceDate "2004.05.04"]

1. e4 e6 2. d4 d5 3. Nc3 Nf6 4. Bg5 Be7 5. Bxf6 Bxf6 6. e5 Be7 7. Nf3 c5 8. Bd3 Nc6 9. dxc5 Bxc5 10. O-O a6 11. a3 Qc7 12. Re1 b5 13. Qd2 Be7 14. Qf4 Na5 15. Ng5 Bxg5 16. Qxg5 g6 17. Qf6 O-O 18. h4 Qd8 19. Qf4 f5 20. exf6 Qxf6 21. Qg3 Nc4 22. Bxc4 bxc4 23. Re5 Ra7 24. Rae1 Raf7 25. f3 Qd8 26. Qf2 Rf5 27. b4 cxb3 28. cxb3 Qa5 29. Na4 Rxe5 30. Rxe5 Qc7 31. Qe3 Qd6 32. Nc5 Rf6 33. b4 Kf7 34. h5 Rf5 35. hxg6+ hxg6 36. Rxf5+ exf5 37. Qd4 Be6 38. Qh8 a5 39. Nd3 axb4 40. axb4 d4 41. Ne5+ Ke7 42. Nxg6+ Kd7 43. Nf8+ Ke7 44. Nxe6 Kxe6 45. Qh6+ Kd5 46. Qxd6+ Kxd6 47. g4 Kd5 48. Kf2 fxg4 49. fxg4 Ke4 50. Ke2 1-0

[Event "SVK Team Ch"]
[Site "Slovakia"]
[Date "1994.??.??"]
[Round "?"]
[White "Minich, Peter"]
[Black "Hagarova, Zuzana"]
[Result "1/2-1/2"]
[WhiteElo "2215"]
[BlackElo "2095"]
[PlyCount "65"]
[EventDate "1994.??.??"]
[Source "www.chesslib.no"]
[SourceDate "2004.05.04"]

1. e4 e6 2. d4 d5 3. Nc3 Nf6 4. Bg5 Be7 5. Bxf6 Bxf6 6. Nf3 O-O 7. Qd2 b6 8. Bd3 Ba6 9. O-O Bxd3 10. Qxd3 Nc6 11. Rad1 Qd7 12. Ne2 Rad8 13. c3 dxe4 14. Qxe4 Qd5 15. Ng3 Qxe4 16. Nxe4 Be7 17. Rfe1 Na5 18. Ne5 Bd6 19. Nd2 Bxe5 20. dxe5 Rd5 21. Nf3 Rfd8 22. Rxd5 Rxd5 23. Kf1 Nc4 24. b3 Nd2+ 25. Ke2 Nxf3 26. Kxf3 Rd3+ 27. Re3 Rd2 28. Re2 Rd3+ 29. Re3 Rd2 30. a4 Kf8 31. c4 Ke7 32. Re2 Rd3+ 33. Re3 1/2-1/2

[Event "Kassel Open"]
[Site "Kassel"]
[Date "1993.??.??"]
[Round "4"]
[White "Rechel, Ralf"]
[Black "Guenther, Anetta"]
[Result "1-0"]
[WhiteElo "2280"]
[BlackElo "2025"]
[PlyCount "49"]
[EventDate "1993.??.??"]
[Source "www.chesslib.no"]
[SourceDate "2004.05.04"]

1. e4 e6 2. d4 d5 3. Nc3 Nf6 4. Bg5 Be7 5. Bxf6 Bxf6 6. e5 Be7 7. Qg4 O-O 8. Bd3 f5 9. Qh3 c5 10. dxc5 Nc6 11. f4 Qa5 12. O-O-O b6 13. g4 bxc5 14. gxf5 exf5 15. Bb5 Bb7 16. Nge2 Kh8 17. Rhg1 d4 18. Qg2 Rg8 19. Bxc6 dxc3 20. Bxb7 Qxa2 21. Nxc3 Qa1+ 22. Nb1 c4 23. Bxa8 c3 24. bxc3 Ba3+ 25. Kd2 1-0

[Event "Bad Zwesten op 3rd"]
[Site "Bad Zwesten"]
[Date "1999.01.06"]
[Round "8"]
[White "Napierala, Dieter"]
[Black "Berthold, Andreas"]
[Result "1/2-1/2"]
[WhiteElo "2098"]
[BlackElo "2205"]
[PlyCount "31"]
[EventDate "1999.01.??"]
[Source "ChessBase"]
[SourceDate "1999.03.01"]

1. e4 e6 2. d4 d5 3. Nc3 Nf6 4. Bg5 Be7 5. Bxf6 Bxf6 6. Nf3 O-O 7. Bd3 c5 8. e5 Be7 9. h4 f6 10. exf6 Bxf6 11. Ng5 h6 12. Qh5 Qe8 13. Bh7+ Kh8 14. Bg6 Qe7 15. Bd3 Qe8 16. Bg6 1/2-1/2

[Event "It (Open) Villa Ballester ARG"]
[Site "?"]
[Date "2006.01.13"]
[Round "7"]
[White "Perez Pietronave Carlos"]
[Black "Faust Ricardo"]
[Result "1-0"]
[WhiteElo "2221"]
[BlackElo "2066"]
[PlyCount "91"]
[EventDate "2006.??.??"]
[Source "www.chesslib.no"]
[SourceDate "2004.05.04"]

1. e4 e6 2. d4 d5 3. Nc3 Nf6 4. Bg5 Be7 5. Bxf6 Bxf6 6. e5 Be7 7. Qg4 Kf8 8. h4 b6 9. h5 Ba6 10. Nge2 c5 11. O-O-O Nc6 12. f4 Rc8 13. f5 Bxe2 14. Nxe2 cxd4 15. fxe6 Qc7 16. Qf5 f6 17. exf6 gxf6 18. Nxd4 Qe5 19. Qxe5 fxe5 20. Ba6 Bg5+ 21. Kb1 Rc7 22. Rhf1+ Kg8 23. Nxc6 Rxc6 24. Bb7 Rc7 25. Bxd5 Kg7 26. Rf5 Bf6 27. Rdf1 Be7 28. h6+ Kxh6 29. Rh1+ Kg7 30. Rf7+ Kg6 31. Be4+ Kg5 32. Rf5+ Kg4 33. Rxe5 Kf4 34. Rhh5 h6 35. Rhf5+ Kg3 36. Rf3+ Kh2 37. Rh5+ Kg1 38. g4 Rf8 39. Rhf5 Rxf5 40. gxf5 Bf6 41. Rg3+ Kf2 42. Rg6 Bg5 43. f6 Rc5 44. e7 Re5 45. Rxg5 hxg5 46. f7 1-0

[Event "Ch Colombia"]
[Site "Cartagena (Colombia)"]
[Date "2007.06.14"]
[Round "3"]
[White "Naranjo Sebastian (COL)"]
[Black "Martinez Cristian (COL)"]
[Result "1-0"]
[WhiteElo "2039"]
[BlackElo "2243"]
[PlyCount "57"]
[EventDate "2007.??.??"]
[Source "www.chesslib.no"]
[SourceDate "2004.05.04"]

1. e4 e6 2. d4 d5 3. Nc3 Nf6 4. Bg5 Be7 5. Bxf6 Bxf6 6. Nf3 O-O 7. Bd3 c5 8. e5 Be7 9. O-O cxd4 10. Nxd4 Nc6 11. Nf3 a6 12. Re1 Qb6 13. Rb1 f6 14. Na4 Qa5 15. c4 dxc4 16. exf6 Rxf6 17. Bxc4 b5 18. Bd5 Bd7 19. Nc3 b4 20. Ne5 Nxe5 21. Rxe5 Qc7 22. Bxa8 Qxe5 23. Qxd7 bxc3 24. Qxe7 Qf5 25. Rf1 cxb2 26. Qb4 Qc2 27. Be4 Qe2 28. f3 Rf8 29. Re1 1-0